[Event "Skakligaen 2005/06"]
[Site "Denmark"]
[Date "2006.03.05"]
[Round "7.1"]
[White "Pilgaard, Kim"]
[Black "Pedersen, Nicolai Vesterbaek"]
[Result "1/2-1/2"]
[WhiteElo "2417"]
[BlackElo "2521"]
[PlyCount "37"]
[EventDate "2005.11.05"]
[EventType "team"]
[EventRounds "9"]
[EventCountry "DEN"]
[WhiteTeam "Bronshoj"]
[BlackTeam "Aalborg"]
[WhiteTeamCountry "DEN"]
[BlackTeamCountry "DEN"]

1. e4 e5 2. Nf3 Nc6 3. Bb5 Nf6 4. O-O Nxe4 5. Re1 Nd6 6. Nxe5 Nxe5 7. Rxe5+ Be7
8. Bf1 O-O 9. d4 Bf6 10. Re1 Nf5 11. d5 Bg5 12. Nd2 d6 13. Ne4 Bxc1 14. Rxc1
Ne7 15. c4 Bf5 16. Ng3 Bg6 17. Re3 Nf5 18. Nxf5 Bxf5 19. Bd3 1/2-1/2

[Event "Skakligaen 2005/06"]
[Site "Denmark"]
[Date "2006.03.05"]
[Round "7.2"]
[White "Pedersen, Erik"]
[Black "Hoi, Carsten"]
[Result "1/2-1/2"]
[WhiteElo "2408"]
[BlackElo "2382"]
[PlyCount "32"]
[EventDate "2005.11.05"]
[EventType "team"]
[EventRounds "9"]
[EventCountry "DEN"]
[WhiteTeam "Aalborg"]
[BlackTeam "Bronshoj"]
[WhiteTeamCountry "DEN"]
[BlackTeamCountry "DEN"]

1. d4 Nf6 2. Nf3 g6 3. Nc3 Bg7 4. e4 d6 5. Be3 c6 6. Qd2 b5 7. Bd3 Bg4 8. Nh4
e5 9. dxe5 dxe5 10. h3 Be6 11. Nf3 Nbd7 12. Ng5 Qe7 13. Nxe6 Qxe6 14. a4 b4 15.
Ne2 Qe7 16. O-O O-O 1/2-1/2

[Event "Skakligaen 2005/06"]
[Site "Denmark"]
[Date "2006.03.05"]
[Round "7.3"]
[White "Brinck Claussen, Bjorn"]
[Black "Jakobsen, Lars Veno"]
[Result "1-0"]
[WhiteElo "2306"]
[BlackElo "2337"]
[PlyCount "79"]
[EventDate "2005.11.05"]
[EventType "team"]
[EventRounds "9"]
[EventCountry "DEN"]
[WhiteTeam "Bronshoj"]
[BlackTeam "Aalborg"]
[WhiteTeamCountry "DEN"]
[BlackTeamCountry "DEN"]

1. e4 c5 2. Nf3 e6 3. d4 cxd4 4. Nxd4 a6 5. Bd3 Qb6 6. c3 Nc6 7. O-O Qc7 8.
Nxc6 dxc6 9. a4 Bc5 10. Nd2 e5 11. b4 Ba7 12. a5 Nf6 13. Nc4 O-O 14. Bg5 Ne8
15. Nb6 Bxb6 16. axb6 Qd7 17. Qe2 Nd6 18. Rfd1 Qe6 19. Be3 Rd8 20. Bc5 Ne8 21.
Bc4 Rxd1+ 22. Rxd1 Qf6 23. Qd3 Be6 24. Bxe6 Qxe6 25. Qd7 Qxd7 26. Rxd7 Rb8 27.
f3 f6 28. Kf2 h6 29. Ke3 Kh7 30. Kd3 Kg6 31. Kc4 h5 32. h4 f5 33. Bd6 Nf6 34.
exf5+ Kxf5 35. Rxg7 Rg8 36. Rxb7 Ke6 37. Bc5 Nd5 38. Rh7 Rxg2 39. b7 Rc2 40.
Kb3 1-0

[Event "Skakligaen 2005/06"]
[Site "Denmark"]
[Date "2006.03.05"]
[Round "7.4"]
[White "Nielsen, Steffen Slumstrup"]
[Black "Carstensen, Jacob"]
[Result "1/2-1/2"]
[WhiteElo "2222"]
[BlackElo "2303"]
[PlyCount "28"]
[EventDate "2005.11.05"]
[EventType "team"]
[EventRounds "9"]
[EventCountry "DEN"]
[WhiteTeam "Aalborg"]
[BlackTeam "Bronshoj"]
[WhiteTeamCountry "DEN"]
[BlackTeamCountry "DEN"]

1. e4 c5 2. Nf3 d6 3. d4 cxd4 4. Nxd4 Nf6 5. Nc3 a6 6. Bg5 e6 7. f4 Qc7 8. Qf3
b5 9. Bd3 b4 10. Nce2 Nbd7 11. O-O-O Bb7 12. Rhe1 Nc5 13. Ng3 Be7 14. Kb1 O-O-O
1/2-1/2

[Event "Skakligaen 2005/06"]
[Site "Denmark"]
[Date "2006.03.05"]
[Round "7.5"]
[White "Palm, Nikolaj"]
[Black "Hjorth, Torben"]
[Result "1-0"]
[WhiteElo "2231"]
[BlackElo "2201"]
[PlyCount "91"]
[EventDate "2005.11.05"]
[EventType "team"]
[EventRounds "9"]
[EventCountry "DEN"]
[WhiteTeam "Bronshoj"]
[BlackTeam "Aalborg"]
[WhiteTeamCountry "DEN"]
[BlackTeamCountry "DEN"]

1. d4 c5 2. e3 g6 3. Nf3 Bg7 4. b3 Nf6 5. Bb2 O-O 6. Be2 d6 7. O-O Nfd7 8. c4
Nc6 9. Nc3 a6 10. d5 Nce5 11. Ne1 f5 12. f4 Nf7 13. Qc2 Nf6 14. Bf3 Rb8 15. a4
Bd7 16. a5 Qc7 17. Nd3 Rbe8 18. Rfe1 e5 19. dxe6 Bxe6 20. Nd5 Nxd5 21. cxd5 Bd7
22. Bxg7 Kxg7 23. Qc3+ Kg8 24. Nb2 Bb5 25. Nc4 Re7 26. Ra2 Rfe8 27. Rae2 Nh6
28. h3 Kf7 29. g4 Bxc4 30. bxc4 fxg4 31. hxg4 Qd7 32. Rh2 Ng8 33. Rxh7+ Kf8 34.
Rh8 Rf7 35. Kg2 Qe7 36. Reh1 Rg7 37. g5 Qf7 38. Bg4 Re4 39. Be6 Rxe6 40. dxe6
Qxe6 41. R1h7 Rxh7 42. Rxh7 Ke8 43. Kf3 d5 44. Qe5 Qxe5 45. fxe5 dxc4 46. Rxb7
1-0

[Event "Skakligaen 2005/06"]
[Site "Denmark"]
[Date "2006.03.05"]
[Round "7.6"]
[White "Nielsen, Jorgen G"]
[Black "Ligaard, Morten Lund"]
[Result "1/2-1/2"]
[WhiteElo "2149"]
[BlackElo "2196"]
[PlyCount "30"]
[EventDate "2005.11.05"]
[EventType "team"]
[EventRounds "9"]
[EventCountry "DEN"]
[WhiteTeam "Aalborg"]
[BlackTeam "Bronshoj"]
[WhiteTeamCountry "DEN"]
[BlackTeamCountry "DEN"]

1. d4 d5 2. c4 c6 3. Nf3 e6 4. e3 Bd6 5. Nc3 Nf6 6. Bd3 Nbd7 7. O-O O-O 8. Qc2
dxc4 9. Bxc4 e5 10. Rd1 Qe7 11. Ng5 h6 12. Nge4 Bc7 13. d5 cxd5 14. Nxd5 Nxd5
15. Bxd5 Nb6 1/2-1/2

[Event "Skakligaen 2005/06"]
[Site "Denmark"]
[Date "2006.03.05"]
[Round "7.7"]
[White "Paaske, Asger"]
[Black "Andersen, Soren"]
[Result "1-0"]
[WhiteElo "2176"]
[BlackElo "2094"]
[PlyCount "77"]
[EventDate "2005.11.05"]
[EventType "team"]
[EventRounds "9"]
[EventCountry "DEN"]
[WhiteTeam "Bronshoj"]
[BlackTeam "Aalborg"]
[WhiteTeamCountry "DEN"]
[BlackTeamCountry "DEN"]

1. e4 c5 2. Nf3 d6 3. d4 cxd4 4. Qxd4 a6 5. c4 Nc6 6. Qd3 g6 7. Nc3 Bg7 8. Be2
Nf6 9. O-O O-O 10. h3 Be6 11. Be3 Nd7 12. Qd2 Qa5 13. Rac1 Rfc8 14. Ng5 Rab8
15. Nxe6 fxe6 16. Bg4 Nd8 17. Bg5 Nf6 18. Be2 Nf7 19. Be3 Ne5 20. b3 Nc6 21.
Rfd1 b5 22. f3 b4 23. Na4 Rd8 24. Qe1 e5 25. c5 d5 26. exd5 Nxd5 27. Bc4 e6 28.
Bg5 Rd7 29. Nb6 Rxb6 30. cxb6 Qxb6+ 31. Kh1 Nd4 32. Be3 Qd6 33. Bxd5 Qxd5 34.
Qxb4 h5 35. Rc5 Qa8 36. Qc4 Kh7 37. Bxd4 exd4 38. Qxe6 Qa7 39. Rc6 1-0

[Event "Skakligaen 2005/06"]
[Site "Denmark"]
[Date "2006.03.05"]
[Round "7.8"]
[White "Sonderstrup, Bjarne"]
[Black "Aabling Thomsen, Jakob"]
[Result "0-1"]
[WhiteElo "2042"]
[BlackElo "2115"]
[PlyCount "64"]
[EventDate "2005.11.05"]
[EventType "team"]
[EventRounds "9"]
[EventCountry "DEN"]
[WhiteTeam "Aalborg"]
[BlackTeam "Bronshoj"]
[WhiteTeamCountry "DEN"]
[BlackTeamCountry "DEN"]

1. c4 e5 2. g3 Nc6 3. Bg2 Nf6 4. Nc3 Bb4 5. e4 d6 6. Nge2 Be6 7. Nd5 Qd7 8. O-O
Bc5 9. d3 Ne7 10. Be3 c6 11. Nxf6+ gxf6 12. d4 Bb6 13. Rc1 Bg4 14. f3 Bh3 15.
Qb3 Bxg2 16. Kxg2 O-O-O 17. d5 c5 18. Qb5 Qc7 19. g4 h5 20. h3 Rdg8 21. Rh1 f5
22. Kf2 fxe4 23. fxe4 Qd8 24. g5 f5 25. gxf6 Qf8 26. Ke1 Qxf6 27. Kd2 Qf3 28.
Kd3 Rg2 29. Rhe1 Ng6 30. Ng1 Nf4+ 31. Kc3 Qxe4 32. Kb3 Nd3 0-1

[Event "Skakligaen 2005/06"]
[Site "Denmark"]
[Date "2006.03.05"]
[Round "7.1"]
[White "Pedersen, Christian Kyndel"]
[Black "Andreasen, Per Naesby"]
[Result "1-0"]
[WhiteElo "2405"]
[BlackElo "2280"]
[PlyCount "113"]
[EventDate "2005.11.05"]
[EventType "team"]
[EventRounds "9"]
[EventCountry "DEN"]
[WhiteTeam "Nordre"]
[BlackTeam "Norresundby"]
[WhiteTeamCountry "DEN"]
[BlackTeamCountry "DEN"]

1. e4 e6 2. d4 d5 3. e5 c5 4. c3 Qb6 5. Nf3 Bd7 6. Be2 Bb5 7. c4 Bxc4 8. Bxc4
Qb4+ 9. Nbd2 dxc4 10. a3 Qb5 11. Qe2 cxd4 12. Nxd4 Qd5 13. N4f3 Nd7 14. Nxc4
Rc8 15. Ne3 Qe4 16. O-O Ne7 17. Bd2 Nc6 18. Bc3 Bc5 19. Nd2 Qg6 20. Nec4 O-O
21. Ne4 Bd4 22. Rad1 Bxc3 23. Nxc3 Rcd8 24. f4 f6 25. exf6 Qxf6 26. Ne4 Qe7 27.
Qe3 h6 28. b4 a6 29. Ncd6 Nf6 30. Nxf6+ Rxf6 31. Ne4 Rff8 32. Nc5 Rxd1 33. Rxd1
Nd8 34. g3 a5 35. bxa5 Qc7 36. Nxe6 Qe7 37. Re1 Re8 38. f5 Nxe6 39. fxe6 Rc8
40. Re2 Rc6 41. Kg2 Rc5 42. Qd2 Rc7 43. Qb4 Kf8 44. Qf4+ Kg8 45. Qe4 Rc6 46. h3
Rc3 47. Re3 Rc6 48. Kh2 Rd6 49. Re2 Rc6 50. Qd5 Rc7 51. a4 Kh8 52. a6 bxa6 53.
Qa8+ Kh7 54. Qxa6 Qa3 55. Qb5 Qf3 56. Qb1+ Kh8 57. Qe4 1-0

[Event "Skakligaen 2005/06"]
[Site "Denmark"]
[Date "2006.03.05"]
[Round "7.2"]
[White "Bentzen, Erik"]
[Black "Christensen, Jan Schleicher"]
[Result "1-0"]
[WhiteElo "2362"]
[BlackElo "2243"]
[PlyCount "81"]
[EventDate "2005.11.05"]
[EventType "team"]
[EventRounds "9"]
[EventCountry "DEN"]
[WhiteTeam "Norresundby"]
[BlackTeam "Nordre"]
[WhiteTeamCountry "DEN"]
[BlackTeamCountry "DEN"]

1. d4 Nf6 2. Nf3 c5 3. d5 e6 4. Nc3 b5 5. Bg5 b4 6. Ne4 Bb7 7. c4 bxc3 8. Bxf6
gxf6 9. Nxc3 f5 10. e3 Bg7 11. Bc4 O-O 12. O-O Na6 13. dxe6 dxe6 14. Qe2 Nc7
15. Rfd1 Qe7 16. Rd3 Rad8 17. Rad1 e5 18. e4 fxe4 19. Nxe4 Ne6 20. Bxe6 fxe6
21. Rxd8 Rxd8 22. Rxd8+ Qxd8 23. Nxc5 Bd5 24. h3 Qa5 25. Qc2 Qxa2 26. Ng5 Qa1+
27. Kh2 e4 28. Ncxe4 Be5+ 29. Ng3 Kf8 30. Qxh7 Ke8 31. Qf7+ Kd8 32. Nxe6+ Bxe6
33. Qxe6 Bxg3+ 34. Kxg3 Qxb2 35. Qd5+ Kc7 36. Qc5+ Kb7 37. h4 Qa1 38. Qe7+ Kb6
39. h5 a5 40. h6 a4 41. h7 1-0

[Event "Skakligaen 2005/06"]
[Site "Denmark"]
[Date "2006.03.05"]
[Round "7.3"]
[White "Petersen, Tom Petri"]
[Black "Sorensen, Bent"]
[Result "1/2-1/2"]
[WhiteElo "2241"]
[BlackElo "2262"]
[PlyCount "83"]
[EventDate "2005.11.05"]
[EventType "team"]
[EventRounds "9"]
[EventCountry "DEN"]
[WhiteTeam "Nordre"]
[BlackTeam "Norresundby"]
[WhiteTeamCountry "DEN"]
[BlackTeamCountry "DEN"]

1. g3 d5 2. Bg2 e5 3. d3 Nf6 4. Nf3 Nc6 5. O-O Bc5 6. c3 a5 7. d4 Bd6 8. dxe5
Nxe5 9. Nxe5 Bxe5 10. Bf4 Bxf4 11. Qa4+ c6 12. Qxf4 O-O 13. Nd2 Re8 14. e3 Be6
15. a3 h6 16. b4 Qb6 17. Rfc1 Ra7 18. Nb3 axb4 19. axb4 Rea8 20. Rxa7 Rxa7 21.
Nc5 Qd8 22. Qe5 Bg4 23. h3 Be2 24. Qd4 Qa8 25. Kh2 Ra2 26. Kg1 b6 27. Nb3 Bc4
28. Nd2 Qa3 29. Rb1 b5 30. Nxc4 bxc4 31. e4 Re2 32. exd5 cxd5 33. b5 Qa2 34.
Rf1 Rd2 35. Qc5 Qb3 36. b6 Rb2 37. Bxd5 Qxb6 38. Qxb6 Rxb6 39. Bxc4 Rc6 40. Be2
Rxc3 41. Ra1 Rc7 42. f3 1/2-1/2

[Event "Skakligaen 2005/06"]
[Site "Denmark"]
[Date "2006.03.05"]
[Round "7.4"]
[White "Jorgensen, Jorgen"]
[Black "Hoiberg, Nina"]
[Result "0-1"]
[WhiteElo "2274"]
[BlackElo "2252"]
[PlyCount "118"]
[EventDate "2005.11.05"]
[EventType "team"]
[EventRounds "9"]
[EventCountry "DEN"]
[WhiteTeam "Norresundby"]
[BlackTeam "Nordre"]
[WhiteTeamCountry "DEN"]
[BlackTeamCountry "DEN"]

1. d4 d6 2. Nf3 Bg4 3. c4 Nf6 4. Nc3 c6 5. e3 Nbd7 6. Be2 e5 7. h3 Bh5 8. Bd2
Be7 9. g4 Bg6 10. Nh4 Be4 11. Nxe4 Nxe4 12. Nf5 Bh4 13. Rh2 Nxf2 14. Rxf2 Bxf2+
15. Kxf2 Qf6 16. Bc3 g6 17. dxe5 dxe5 18. Bd3 Nc5 19. Bc2 gxf5 20. Bxf5 Ne4+
21. Kg2 Rd8 22. Qc2 Nxc3 23. Qxc3 Qd6 24. Kf3 O-O 25. Rg1 Rfe8 26. Qc2 Qh6 27.
g5 Qh5+ 28. Kg3 e4 29. Bxe4 Re5 30. Kf4 Rde8 31. Bf3 Qg6 32. Qxg6+ hxg6 33. Re1
Rf5+ 34. Kg4 Rc5 35. b3 b5 36. cxb5 cxb5 37. Re2 a5 38. h4 a4 39. bxa4 bxa4 40.
Kf4 a3 41. Re1 Rb8 42. Rd1 Rb4+ 43. Kg3 Rc3 44. Rd7 Rxe3 45. Kf2 Re5 46. Bd5
Rb1 47. Kg3 Kg7 48. Bc6 Rf1 49. Ra7 Re4 50. Bb5 Rff4 51. Rxa3 Rg4+ 52. Kf3 Rxh4
53. Ra7 Rhf4+ 54. Kg3 Rf5 55. Rb7 Re3+ 56. Kg4 Ref3 57. Rb6 Rf1 58. Rb7 Rg1+
59. Kh4 Rf4+ 0-1

[Event "Skakligaen 2005/06"]
[Site "Denmark"]
[Date "2006.03.05"]
[Round "7.5"]
[White "Veng, Johny"]
[Black "Pedersen, Svend"]
[Result "1/2-1/2"]
[WhiteElo "2185"]
[BlackElo "2260"]
[PlyCount "42"]
[EventDate "2005.11.05"]
[EventType "team"]
[EventRounds "9"]
[EventCountry "DEN"]
[WhiteTeam "Nordre"]
[BlackTeam "Norresundby"]
[WhiteTeamCountry "DEN"]
[BlackTeamCountry "DEN"]

1. b3 e5 2. Bb2 d6 3. e3 Nd7 4. d4 g6 5. Nf3 Bg7 6. Nbd2 Ne7 7. dxe5 Nxe5 8.
Nxe5 Bxe5 9. Bxe5 dxe5 10. Qc1 Nf5 11. Qb2 Qe7 12. O-O-O O-O 13. Ne4 Ng7 14.
Be2 a5 15. Qc3 b6 16. Bb5 Bf5 17. Bc6 Rad8 18. Nd2 Rd6 19. Nf3 Rfd8 20. Rxd6
cxd6 21. e4 Rc8 1/2-1/2

[Event "Skakligaen 2005/06"]
[Site "Denmark"]
[Date "2006.03.05"]
[Round "7.6"]
[White "Nielsen, Tommy"]
[Black "Pedersen, Karl"]
[Result "1/2-1/2"]
[WhiteElo "2154"]
[BlackElo "2244"]
[PlyCount "58"]
[EventDate "2005.11.05"]
[EventType "team"]
[EventRounds "9"]
[EventCountry "DEN"]
[WhiteTeam "Norresundby"]
[BlackTeam "Nordre"]
[WhiteTeamCountry "DEN"]
[BlackTeamCountry "DEN"]

1. e4 g6 2. d4 Bg7 3. Nc3 c6 4. Nf3 d6 5. Be2 Nf6 6. a4 O-O 7. O-O Nbd7 8. e5
Nd5 9. Nxd5 cxd5 10. exd6 exd6 11. Bg5 Nf6 12. Qc1 Re8 13. Bd3 Qc7 14. c3 Ne4
15. Bh6 Bg4 16. Bxg7 Kxg7 17. Nd2 Nf6 18. Qc2 Re7 19. Rfe1 Rae8 20. Rxe7 Rxe7
21. Nf1 Be2 22. Ne3 Bxd3 23. Qxd3 a6 24. Re1 Qd7 25. Qd1 b5 26. axb5 Qxb5 27.
Qe2 Qa4 28. Qd1 Qb5 29. Qe2 Qa4 1/2-1/2

[Event "Skakligaen 2005/06"]
[Site "Denmark"]
[Date "2006.03.05"]
[Round "7.7"]
[White "Hansen, Per"]
[Black "Willumsen, Henrik"]
[Result "1/2-1/2"]
[WhiteElo "2140"]
[BlackElo "2163"]
[PlyCount "86"]
[EventDate "2005.11.05"]
[EventType "team"]
[EventRounds "9"]
[EventCountry "DEN"]
[WhiteTeam "Nordre"]
[BlackTeam "Norresundby"]
[WhiteTeamCountry "DEN"]
[BlackTeamCountry "DEN"]

1. d4 d5 2. c4 c6 3. Nf3 Nf6 4. Nc3 e6 5. Bg5 dxc4 6. e4 b5 7. e5 h6 8. Bh4 g5
9. Nxg5 hxg5 10. Bxg5 Nbd7 11. exf6 Bb7 12. Be2 Qc7 13. h4 O-O-O 14. Qc2 Qa5
15. O-O c5 16. a4 b4 17. Ne4 b3 18. Qb1 cxd4 19. Bxc4 Ne5 20. Rc1 Nxc4 21.
Rxc4+ Kb8 22. Qd3 Qe5 23. f3 Bh6 24. Rac1 Bxg5 25. hxg5 Bxe4 26. Qxe4 Qxe4 27.
fxe4 Rh5 28. Rb4+ Ka8 29. Rb5 a6 30. Rbc5 Kb8 31. Kf2 Re8 32. Rc7 Rxg5 33. Rxf7
Reg8 34. Rcc7 Rxg2+ 35. Kf3 e5 36. Rg7 R2xg7 37. Rxg7 Rf8 38. Re7 Rxf6+ 39. Ke2
Rc6 40. Rxe5 Rc2+ 41. Kd1 Rxb2 42. Rd5 Rh2 43. Kc1 Rc2+ 1/2-1/2

[Event "Skakligaen 2005/06"]
[Site "Denmark"]
[Date "2006.03.05"]
[Round "7.8"]
[White "Nielsen, John Bauneborg"]
[Black "Danstrup, Niels"]
[Result "1-0"]
[WhiteElo "2163"]
[BlackElo "2120"]
[PlyCount "65"]
[EventDate "2005.11.05"]
[EventType "team"]
[EventRounds "9"]
[EventCountry "DEN"]
[WhiteTeam "Norresundby"]
[BlackTeam "Nordre"]
[WhiteTeamCountry "DEN"]
[BlackTeamCountry "DEN"]

1. d4 Nf6 2. Nc3 g6 3. e4 d6 4. f4 Bg7 5. Nf3 c5 6. dxc5 Qa5 7. Bd3 Qxc5 8. Qe2
Bg4 9. Be3 Qa5 10. O-O Nc6 11. h3 Bxf3 12. Qxf3 O-O 13. Kh1 Nd7 14. Bd2 e6 15.
Rad1 Nc5 16. Nb5 Qd8 17. Be3 a6 18. Nc3 Qa5 19. Qf2 Nb4 20. e5 Ncxd3 21. cxd3
Qd8 22. Bb6 Qd7 23. Qd4 Nc6 24. Qxd6 Qxd6 25. exd6 Bf6 26. d4 Nb4 27. Bc5 Nc2
28. Ne4 Bg7 29. Rf3 a5 30. a3 b6 31. Bxb6 Rfb8 32. Bc7 Rxb2 33. d7 1-0

[Event "Skakligaen 2005/06"]
[Site "Denmark"]
[Date "2006.03.18"]
[Round "8.1"]
[White "Schandorff, Lars"]
[Black "Andreasen, Per Naesby"]
[Result "1-0"]
[WhiteElo "2530"]
[BlackElo "2280"]
[PlyCount "53"]
[EventDate "2005.11.05"]
[EventType "team"]
[EventRounds "9"]
[EventCountry "DEN"]
[WhiteTeam "Helsinge"]
[BlackTeam "Norresundby"]
[WhiteTeamCountry "DEN"]
[BlackTeamCountry "DEN"]

1. d4 g6 2. c4 Bg7 3. Nf3 d6 4. Nc3 Bg4 5. e3 Nf6 6. Be2 O-O 7. h3 Bxf3 8. Bxf3
c6 9. O-O e5 10. b4 exd4 11. exd4 d5 12. cxd5 Nxd5 13. Nxd5 cxd5 14. b5 Qb6 15.
Qb3 Bxd4 16. Bh6 Bxa1 17. Bxf8 Nd7 18. Bb4 Bd4 19. Qxd5 Ne5 20. Qxb7 Nxf3+ 21.
Qxf3 Rd8 22. Qc6 Bxf2+ 23. Rxf2 Rd1+ 24. Kh2 Qxf2 25. Qe8+ Kg7 26. Bf8+ Kg8 27.
Bh6# 1-0

[Event "Skakligaen 2005/06"]
[Site "Denmark"]
[Date "2006.03.18"]
[Round "8.2"]
[White "Sorensen, Bent"]
[Black "Hutters, Tomas"]
[Result "1-0"]
[WhiteElo "2262"]
[BlackElo "2440"]
[PlyCount "140"]
[EventDate "2005.11.05"]
[EventType "team"]
[EventRounds "9"]
[EventCountry "DEN"]
[WhiteTeam "Norresundby"]
[BlackTeam "Helsinge"]
[WhiteTeamCountry "DEN"]
[BlackTeamCountry "DEN"]

1. Nf3 Nf6 2. g3 g6 3. Bg2 Bg7 4. O-O O-O 5. c4 d6 6. Nc3 e5 7. d3 Re8 8. Rb1
h6 9. Ne1 c6 10. e4 Na6 11. h3 Nc7 12. f4 Nh5 13. Qf3 exf4 14. gxf4 f5 15. Nc2
Rf8 16. Ne2 fxe4 17. dxe4 Ne6 18. Qa3 g5 19. f5 Nc5 20. b4 Nd7 21. Qf3 Qe8 22.
Rd1 Ne5 23. Qb3 Nf7 24. Bf3 Nf6 25. Ng3 Qe7 26. Bb2 Kh8 27. Ne3 Ne5 28. Bg2 Bd7
29. Rd2 Be8 30. Rbd1 Nh5 31. Nef1 Rd8 32. Nxh5 Bxh5 33. Re1 Bf7 34. Ne3 b5 35.
Bxe5 Bxe5 36. Qc2 bxc4 37. Nxc4 Bxc4 38. Qxc4 g4 39. Rd3 Rg8 40. Kf1 Qg5 41.
hxg4 Qxg4 42. Re2 Rg5 43. Rf3 Rdg8 44. f6 Rh5 45. Ref2 Bxf6 46. Rd2 Be5 47. Qf7
Rh2 48. Rff2 Qg5 49. Qf5 Qe3 50. Qf3 Bd4 51. Qf7 Qc3 52. Qf4 Qc4+ 53. Rde2 Be5
54. Qd2 Qe6 55. Rf5 Qg6 56. Ref2 Qg7 57. Rf7 Qg6 58. Rf8 Qg7 59. R8f7 Qg4 60.
Qe2 Qg6 61. Qf3 Qg5 62. Rc2 Rh4 63. Rf5 Qg6 64. Rxc6 Rg4 65. Rf8 Rxf8 66. Qxf8+
Kh7 67. Rc7+ Bg7 68. Qf5 Rxg2 69. Rxa7 Qxf5+ 70. exf5 Rg5 1-0

[Event "Skakligaen 2005/06"]
[Site "Denmark"]
[Date "2006.03.18"]
[Round "8.3"]
[White "Pedersen, Steffen"]
[Black "Jorgensen, Jorgen"]
[Result "1/2-1/2"]
[WhiteElo "2463"]
[BlackElo "2274"]
[PlyCount "41"]
[EventDate "2005.11.05"]
[EventType "team"]
[EventRounds "9"]
[EventCountry "DEN"]
[WhiteTeam "Helsinge"]
[BlackTeam "Norresundby"]
[WhiteTeamCountry "DEN"]
[BlackTeamCountry "DEN"]

1. d4 d5 2. c4 Nc6 3. cxd5 Qxd5 4. e3 e5 5. Nc3 Bb4 6. Bd2 Bxc3 7. bxc3 exd4 8.
cxd4 Nf6 9. Ne2 O-O 10. Nf4 Qd6 11. Bd3 Re8 12. O-O Ne4 13. Be1 Bd7 14. Qb1 Nf6
15. Qxb7 g5 16. Ne2 Ng4 17. Ng3 Rab8 18. Qa6 h5 19. Be2 h4 20. Bxg4 Bxg4 21. f3
1/2-1/2

[Event "Skakligaen 2005/06"]
[Site "Denmark"]
[Date "2006.03.18"]
[Round "8.4"]
[White "Pedersen, Svend"]
[Black "Berg, Klaus"]
[Result "0-1"]
[WhiteElo "2260"]
[BlackElo "2404"]
[PlyCount "58"]
[EventDate "2005.11.05"]
[EventType "team"]
[EventRounds "9"]
[EventCountry "DEN"]
[WhiteTeam "Norresundby"]
[BlackTeam "Helsinge"]
[WhiteTeamCountry "DEN"]
[BlackTeamCountry "DEN"]

1. e4 c6 2. d4 d5 3. e5 Bf5 4. c4 e6 5. Ne2 dxc4 6. Ng3 Bxb1 7. Rxb1 Bb4+ 8.
Bd2 Na6 9. Bxc4 Qxd4 10. Bxa6 O-O-O 11. O-O Bxd2 12. Qc2 bxa6 13. Ne4 Ne7 14.
Nd6+ Rxd6 15. exd6 Qxd6 16. Rfd1 Rd8 17. b4 Qd3 18. Qc5 Rd7 19. a4 g6 20. Rbc1
Qf5 21. Qxf5 gxf5 22. Rc4 Bg5 23. Rb1 Rb7 24. h4 Bf6 25. h5 Kc7 26. Rbc1 Be5
27. g4 fxg4 28. Rxg4 Nd5 29. Rcc4 Kd6 0-1

[Event "Skakligaen 2005/06"]
[Site "Denmark"]
[Date "2006.03.18"]
[Round "8.5"]
[White "Bekker Jensen, Simon"]
[Black "Nielsen, Tommy"]
[Result "1/2-1/2"]
[WhiteElo "2410"]
[BlackElo "2154"]
[PlyCount "51"]
[EventDate "2005.11.05"]
[EventType "team"]
[EventRounds "9"]
[EventCountry "DEN"]
[WhiteTeam "Helsinge"]
[BlackTeam "Norresundby"]
[WhiteTeamCountry "DEN"]
[BlackTeamCountry "DEN"]

1. d4 f5 2. g3 Nf6 3. Bg2 e6 4. c4 d5 5. Nc3 c6 6. Nf3 Bd6 7. O-O O-O 8. Qc2
Bd7 9. Rb1 Qe7 10. Bf4 Bxf4 11. gxf4 Ne4 12. b4 Be8 13. e3 Nd7 14. Ne5 Rf6 15.
b5 Rh6 16. bxc6 Nxe5 17. dxe5 Qh4 18. h3 Bxc6 19. cxd5 exd5 20. f3 Nxc3 21.
Qxc3 Qg3 22. Kh1 Rxh3+ 23. Bxh3 Qxh3+ 24. Kg1 Qg3+ 25. Kh1 Qh3+ 26. Kg1 1/2-1/2

[Event "Skakligaen 2005/06"]
[Site "Denmark"]
[Date "2006.03.18"]
[Round "8.6"]
[White "Willumsen, Henrik"]
[Black "Bekker Jensen, David"]
[Result "1-0"]
[WhiteElo "2163"]
[BlackElo "2285"]
[PlyCount "51"]
[EventDate "2005.11.05"]
[EventType "team"]
[EventRounds "9"]
[EventCountry "DEN"]
[WhiteTeam "Norresundby"]
[BlackTeam "Helsinge"]
[WhiteTeamCountry "DEN"]
[BlackTeamCountry "DEN"]

1. e4 c5 2. Nf3 d6 3. d4 Nf6 4. Nc3 cxd4 5. Nxd4 a6 6. Bg5 e6 7. f4 Be7 8. Qf3
Qc7 9. O-O-O Nbd7 10. g4 O-O 11. Bd3 b5 12. Rhg1 Bb7 13. Qh3 Nc5 14. f5 b4 15.
Bxf6 Bxf6 16. Nce2 e5 17. g5 Bd8 18. g6 fxg6 19. fxg6 h6 20. Bc4+ d5 21. exd5
Ne4 22. Bb3 Qb6 23. d6+ Kh8 24. Qxh6+ gxh6 25. g7+ Kh7 26. gxf8=N+ 1-0

[Event "Skakligaen 2005/06"]
[Site "Denmark"]
[Date "2006.03.18"]
[Round "8.7"]
[White "Lauridsen, Jesper Morch"]
[Black "Nielsen, John Bauneborg"]
[Result "1-0"]
[WhiteElo "2225"]
[BlackElo "2163"]
[PlyCount "121"]
[EventDate "2005.11.05"]
[EventType "team"]
[EventRounds "9"]
[EventCountry "DEN"]
[WhiteTeam "Helsinge"]
[BlackTeam "Norresundby"]
[WhiteTeamCountry "DEN"]
[BlackTeamCountry "DEN"]

1. e4 c5 2. Nf3 Nc6 3. d4 cxd4 4. Nxd4 d5 5. Bb5 dxe4 6. Nxc6 Qxd1+ 7. Kxd1 a6
8. Ba4 Bd7 9. Nc3 Bxc6 10. Bxc6+ bxc6 11. Nxe4 e6 12. Ke2 Nf6 13. Nxf6+ gxf6
14. Rd1 Bc5 15. Be3 Bxe3 16. Kxe3 Rg8 17. g3 Rg5 18. Rd6 Re5+ 19. Kf3 Rf5+ 20.
Kg2 Rc5 21. c3 Rd8 22. Rad1 Rxd6 23. Rxd6 Ke7 24. Rd4 a5 25. Rh4 Rd5 26. Rxh7
Rd2 27. Rh8 Rxb2 28. h4 f5 29. Rc8 Kf6 30. Rg8 Ke5 31. h5 f6 32. h6 Rb7 33. Rg7
Rb8 34. h7 Rh8 35. Rd7 c5 36. Kf3 a4 37. Ke3 f4+ 38. gxf4+ Kf5 39. Rc7 Kg6 40.
Rxc5 Rxh7 41. Ra5 Rc7 42. Kd3 Rd7+ 43. Kc2 Rh7 44. Rxa4 Rh2 45. Kb3 Rxf2 46.
Rb4 Kf5 47. a4 e5 48. fxe5 fxe5 49. a5 Rd2 50. a6 Rd7 51. Ra4 Ra7 52. Kb4 e4
53. Ra1 Kf4 54. Kb5 Ke3 55. Kb6 Ra8 56. c4 Kd4 57. c5 Rb8+ 58. Kc7 Rf8 59. c6
e3 60. a7 e2 61. Kb7 1-0

[Event "Skakligaen 2005/06"]
[Site "Denmark"]
[Date "2006.03.18"]
[Round "8.8"]
[White "Kaysfeld, Henrik"]
[Black "Andersson, Bjorn"]
[Result "1-0"]
[WhiteElo "2106"]
[BlackElo "2234"]
[PlyCount "97"]
[EventDate "2005.11.05"]
[EventType "team"]
[EventRounds "9"]
[EventCountry "DEN"]
[WhiteTeam "Norresundby"]
[BlackTeam "Helsinge"]
[WhiteTeamCountry "DEN"]
[BlackTeamCountry "DEN"]

1. e4 c5 2. Nf3 Nc6 3. d4 cxd4 4. Nxd4 Nf6 5. Nc3 e5 6. Ndb5 d6 7. Bg5 a6 8.
Na3 b5 9. Bxf6 gxf6 10. Nd5 Bg7 11. c3 Ne7 12. Nxe7 Qxe7 13. c4 f5 14. Bd3 O-O
15. O-O Qb7 16. cxb5 d5 17. bxa6 Qxb2 18. Nb5 dxe4 19. Rb1 Qxa2 20. Ra1 Qxa1
21. Qxa1 exd3 22. a7 Bb7 23. Nd6 Bc8 24. Qa5 Bd7 25. Nc4 Rae8 26. Qc7 Rc8 27.
Qxd7 Rxc4 28. Qxd3 Ra4 29. Qd7 Ra2 30. Qb7 e4 31. Rd1 Bh6 32. Qb6 Bg5 33. g3
Kg7 34. h4 Bf6 35. Rd6 Bc3 36. Rd7 Be1 37. Qb1 Bxf2+ 38. Kf1 Rxa7 39. Rxa7 Bxa7
40. Qa1+ Kg6 41. Qxa7 Re8 42. h5+ Kg7 43. Qd4+ Kf8 44. Qh8+ Ke7 45. Qxh7 Ke6
46. g4 fxg4 47. Qxe4+ Kd7 48. Qxg4+ Ke7 49. h6 1-0